| 000 | 00510nam a2200181Ia 4500 | ||
|---|---|---|---|
| 001 | 3448 | ||
| 005 | 20260306145644.0 | ||
| 008 | 260306t1992||||xx |||||||||||||| ||spa|| | ||
| 041 | _aESP | ||
| 082 |
_a278.5 _bT57 |
||
| 100 |
_aTineo Morón, Melecio, 1957- _eAUT |
||
| 245 | 0 |
_aLa fe y las costumbres: _bcatálogo de la sección documental de capítulos (1600-1898) Archivo Arzobispal de Lima |
|
| 260 | _c1992 | ||
| 300 |
_a207 páginas : _c |
||
| 650 | _aGEN | ||
| 654 | _aCHU | ||
| 942 |
_cLIB _dJUS _fJUS _2ddc _n |
||
| 999 |
_c3448 _d3448 |
||